000 00351nam a2200145Ia 4500
008 150201s2003 xx 000 0 und d
082 _a610
_bE03V
100 _aVASUDEVEN,MUDALODU
245 _aEMOTIONAL STRESS
250 _a1ST
260 _bJAYPEE BROTHERS
_aDELHI
_c2003
300 _a1-420
650 _aMEDICINE AND DIAGNOSIS
942 _2ddc
_cBK
_05
999 _c501
_d501